Catholic University of Zimbabwe Library
Online Public Access Catalogue
(OPAC)

Freedom from Violence and Lies (Record no. 33761)

MARC details
000 -LEADER
fixed length control field 02574nam a22003857a 4500
001 - CONTROL NUMBER
control field 101802
003 - CONTROL NUMBER IDENTIFIER
control field KnowledgeUnlatched
005 - DATE AND TIME OF LATEST TRANSACTION
control field 20210303105136.0
006 - FIXED-LENGTH DATA ELEMENTS--ADDITIONAL MATERIAL CHARACTERISTICS
fixed length control field m o d
007 - PHYSICAL DESCRIPTION FIXED FIELD--GENERAL INFORMATION
fixed length control field cr u||||||||||
008 - FIXED-LENGTH DATA ELEMENTS--GENERAL INFORMATION
fixed length control field 210129p20132019mau o u00| u eng d
037 ## - SOURCE OF ACQUISITION
Institution to which field applies BiblioBoard
020 ## - INTERNATIONAL STANDARD BOOK NUMBER
International Standard Book Number 9781618116765
029 1# - OTHER SYSTEM CONTROL NUMBER (OCLC)
OCLC library identifier https://library.biblioboard.com/ext/api/media/02e50c66-fa51-4e1d-8b21-0b026d0ea179/assets/thumbnail.jpg
040 ## - CATALOGING SOURCE
Original cataloging agency ScCtBLL
Transcribing agency ScCtBLL
245 00 - TITLE STATEMENT
Title Freedom from Violence and Lies
Remainder of title Essays on Russian Poetry and Music /
Statement of responsibility, etc. Thomas A. Koster, Simon Karlinsky, Robert P. Hughes, Richard A. Taruskin.
264 #1 - PRODUCTION, PUBLICATION, DISTRIBUTION, MANUFACTURE, AND COPYRIGHT NOTICE
Name of producer, publisher, distributor, manufacturer Academic Studies Press,
300 ## - PHYSICAL DESCRIPTION
Extent 1 online resource (505 p.)
506 0# - RESTRICTIONS ON ACCESS NOTE
Terms governing access Access copy available to the general public.
Standardized terminology for access restriction Unrestricted
Source of term star
520 ## - SUMMARY, ETC.
Summary, etc. Freedom from Violence and Lies is a collection of forty-one essays by Simon Karlinsky (1924-2009), a prolific and controversial scholar of modern Russian literature, sexual politics, and music who taught in the University of California, Berkeley's Department of Slavic Languages and Literatures from 1964 to 1991. Among Karlinsky's full-length works are major studies of Marina Tsvetaeva and Nikolai Gogol, Russian Drama from Its Beginnings to the Age of Pushkin; editions of Anton Chekhov's letters; writings by Russian émigrés; and correspondence between Vladimir Nabokov and Edmund Wilson. Karlinsky also wrote frequently for professional journals and mainstream publications like the New York Times Book Review and the Nation. The present volume is the first collection of such shorter writings, spanning more than three decades. It includes twenty-seven essays on literary topics and fourteen on music, seven of which have been newly translated from the Russian originals.
588 0# - SOURCE OF DESCRIPTION NOTE
Source of description note Description based on print version record.
590 ## - LOCAL NOTE (RLIN)
Local note KU Open Services
650 #7 - SUBJECT ADDED ENTRY--TOPICAL TERM
Topical term or geographic name entry element Literary Collections
Source of heading or term bisacsh
655 #7 - INDEX TERM--GENRE/FORM
Genre/form data or focus term Anthologies
Source of term lcgft
655 #0 - INDEX TERM--GENRE/FORM
Genre/form data or focus term Electronic books.
700 1# - ADDED ENTRY--PERSONAL NAME
Personal name Koster, Thomas A.
Relator term editor.
700 1# - ADDED ENTRY--PERSONAL NAME
Personal name Karlinsky, Simon
Relator term author.
700 1# - ADDED ENTRY--PERSONAL NAME
Personal name Hughes, Robert P.
Relator term editor.
700 1# - ADDED ENTRY--PERSONAL NAME
Personal name Taruskin, Richard A.
Relator term editor.
758 ## -
-- Is found in:
-- Knowledge Unlatched
-- https://openresearchlibrary.org/module/2774bc74-146a-484f-a7ba-ab1d6a09bbfb
856 40 - ELECTRONIC LOCATION AND ACCESS
Uniform Resource Identifier <a href="https://openresearchlibrary.org/content/02e50c66-fa51-4e1d-8b21-0b026d0ea179">https://openresearchlibrary.org/content/02e50c66-fa51-4e1d-8b21-0b026d0ea179</a>
Public note View this content on Open Research Library.
-- 0
Holdings
Withdrawn status Lost status Source of classification or shelving scheme Damaged status Not for loan Home library Current library Shelving location Date acquired Total Checkouts Date last seen Uniform Resource Identifier Price effective from Koha item type
          Digital Library Digital Library Online Access 03.03.2021   03.03.2021 https://openresearchlibrary.org/content/02e50c66-fa51-4e1d-8b21-0b026d0ea179 03.03.2021 eBook

OPENING HOURS

Weekdays: 0815hrs - 1800hrs
Weekends:0900hrs - 1200hrs

Closed for Mass:

Mon, Thur: 1200hrs - 1300hrs
Sunday & Public Holiday’s

CALL SUPPORT

0242-570570, 0242-570169
09200664, +263 8644140602

LOCATION

18443, Cranborne Avenue, Hatfield, Harare

Other Links


©2021 | CUZ Library